| 000 | 00814nam a2200241 a 4500 | ||
|---|---|---|---|
| 005 | 20160510085037.0 | ||
| 008 | 140228b1999 orud|||| |||| 001 0 en d | ||
| 040 |
_aCO-BoIAVH _cCO-BoIAVH |
||
| 041 | 0 | _aeng | |
| 044 | _axxu | ||
| 082 | 0 | 4 |
_a005.726 _bM68p |
| 110 | 2 | _aMjM software design | |
| 245 | 1 | 0 |
_aPC-ORD : _bmultivariate analysis of ecological data / _cMjM software design, Bruce McCune y M. J. Mefford |
| 260 |
_aOregon : _bGleneden Beach, _c1999. |
||
| 300 |
_a237 páginas : _btablas ; _c21 x 18 cm. |
||
| 500 | _aVersión 4. | ||
| 650 | 1 | 4 |
_aPC-ORD _vGuías, manuales, etc. |
| 650 | 2 | 4 | _aProgramas estadísticos de computador |
| 650 | 2 | 4 | _aEstadística multivariada |
| 700 | 1 |
_aMcCune, B. _eautor |
|
| 700 | 1 |
_aMefford, M. J. _eautor |
|
| 942 |
_cLIBRO _2ddc |
||
| 999 |
_c1549 _d1549 |
||